000 00911nam a2200325 a 4500
003 AR-BaBNM
005 20251128205723.0
008 082120s2002 ||||||||||||||000 | spa||
020 _a84-7738-064-3
040 _cAR-BaBNM
245 0 0 _aDivisibilidad
250 _a1ª ed.
260 _aMadrid
_bSíntesis
_c1989
300 _a176 p.
_bil
490 0 _aMatemáticas: cultura y aprendizaje
_vv. 7
504 _aBibliografía p. 175-176
650 4 _aMATEMATICA
650 4 _aENSEÑANZA DE LAS MATEMATICAS
650 4 _aCURRICULO
650 4 _aACTIVIDADES DE APRENDIZAJE
653 _aEDUCACION PRIMARIA
653 _aORIENTACION EDUCATIVA
653 _aPROCESO DE ENSEÑANZA-APRENDIZAJE
700 1 _aSierra Vázquez, Modesto
700 1 _aGonzález Acosta, Mario
700 1 _aSánchez García, Andrés
700 1 _aGómez Astudillo, María Teresa
942 _cBK
998 _cCarmen
999 _c12545
_d12545